Normal view
MARC view
- Physics for Scientists and Engineers
Entry Topical Term
001 - CONTROL NUMBER
- control field: 83963
003 - CONTROL NUMBER IDENTIFIER
- control field: NUST
005 - DATE AND TIME OF LATEST TRANSACTION
- control field: 20211112100357.0
008 - FIXED-LENGTH DATA ELEMENTS
- fixed length control field: 211112|| aca||aabn | a|a d
040 ## - CATALOGING SOURCE
- Original cataloging agency: NUST
- Transcribing agency: NUST
150 ## - HEADING--TOPICAL TERM
- Topical term or geographic name entry element: Physics for Scientists and Engineers
670 ## - SOURCE DATA FOUND
- Source citation: Work cat.: (NUST)586671: Serway, Raymond A 83962, Physics for Scientists and Engineers, 1996
